000 00770nam a2200181Ia 4500
008 151202s9999||||xx |||||||||||||| ||und||
082 _bPNVM-37860
100 _aखांडगे भास्कर.
245 _aदया पवार यांच्या साहित्याचा अभ्यास.
260 _b"विमल प्रकाशन, पुणे."
260 _c1989
300 _a180
600 _aखांडगे भास्कर.
630 _aदया पवार यांच्या साहित्याचा अभ्यास.
700 _aखांडगे भास्कर.
730 _aदया पवार यांच्या साहित्याचा अभ्यास.
942 _cBOOK
999 _c1303812
_d1303809